LDR 00642nam a2200169 i 4500 001 000000006675 003 CaOOAMICUS 005 20260529125751.0 008 180830s1983 it u000 u ita u 040 $aSeMil$bita 245 10$a2: Ebraismo e Cristianesimo . Il Medioevo. 300 $a2 v. 773 0 $tStoria delle idee politiche economiche e sociali.$dTorino : UTET, 1972-1980.$w()6674 774 0 $t1: Ebraismo e Cristianesimo.$z88-02-03914-3$gTomo1$w()103351 774 0 $t2: Il Medioevo.$z88-02-03882-1$gTomo2$w()103353 996 $6245$a2: Ebraismo e Cristianesimo . Il Medioevo$9(OLS)http://semarc/title/8910